000 00491nam a22001697a 4500
003 OSt
005 20251024005557.0
008 251007b |||||||| |||| 00| 0 eng d
020 _a971-0459-34-6.
040 _aDWCL-Main lib
_cOC
082 _aFIL. 150.1943 B352h 2008
100 _aBautista, Felipe S.
245 _aHuman behavior and crisis management
260 _aQuezon City :
_bWiseman's Books Trading,
_cc2008.
300 _aviii, 87 pages ;
_c23 cm.
942 _2ddc
_cBK - FIL
_kFil.
_n0
999 _c4657
_d4657